50 sports wares : (Record no. 3669)

000 -LEADER
fixed length control field nam a22 7a 4500
005 - DATE AND TIME OF LATEST TRANSACTION
control field 20170523145655.0
008 - FIXED-LENGTH DATA ELEMENTS--GENERAL INFORMATION
fixed length control field 170523b1999 ny ||||| |||| 00| 0 eng d
020 ## - INTERNATIONAL STANDARD BOOK NUMBER
International Standard Book Number 2880464188
040 ## - CATALOGING SOURCE
Original cataloging agency AKMAL
082 ## - DEWEY DECIMAL CLASSIFICATION NUMBER
Classification number 688.7 BYA
090 ## - LOCALLY ASSIGNED LC-TYPE CALL NUMBER (OCLC); LOCAL CALL NUMBER (RLIN)
Classification number (OCLC) (R) ; Classification number, CALL (RLIN) (NR) 688.7
Local cutter number (OCLC) ; Book number/undivided call number, CALL (RLIN) BYA
100 1# - MAIN ENTRY--PERSONAL NAME
Personal name Byars, Mel.
9 (RLIN) 7257
245 10 - TITLE STATEMENT
Title 50 sports wares :
Remainder of title innovations in design and materials /
Statement of responsibility, etc. c Mel Byars ; introduction by Aaron Betsky ; research by Cinzia Anguissola d'Altoé ...[et al.] ; technical drawings by Marvin Fein.
260 ## - PUBLICATION, DISTRIBUTION, ETC.
Place of publication, distribution, etc. Hove :
Name of publisher, distributor, etc. RotoVision,
Date of publication, distribution, etc. 1999
300 ## - PHYSICAL DESCRIPTION
Extent 158p
Dimensions cm
490 1# - SERIES STATEMENT
Series statement Pro-design
500 ## - GENERAL NOTE
General note Includes index.
650 #0 - SUBJECT ADDED ENTRY--TOPICAL TERM
Topical term or geographic name entry element Sporting goods
General subdivision Design.
9 (RLIN) 7258
650 #0 - SUBJECT ADDED ENTRY--TOPICAL TERM
Topical term or geographic name entry element Sporting goods
General subdivision Technological innovations.
9 (RLIN) 7259
830 #0 - SERIES ADDED ENTRY--UNIFORM TITLE
Uniform title Pro-design
9 (RLIN) 7260
942 ## - ADDED ENTRY ELEMENTS (KOHA)
Source of classification or shelving scheme
Koha item type Book
Holdings
Withdrawn status Lost status Source of classification or shelving scheme Damaged status Not for loan Collection code Home library Current library Shelving location Date acquired Inventory number Total Checkouts Full call number Barcode Date last seen Price effective from Koha item type
          NON-FICTION AKMAL Melaka AKMAL Melaka PINJAMAN 23.05.2017 602018   688.7 BYA 201704725 23.05.2017 23.05.2017 Book
Pusat Sumber Maklumat Dato' Haji Sarmin Md Hussin, Akademi Kastam Diraja Malaysia, Melaka
Tel: 06-2331106 | Faks: 06-2313787